000 00257nam a2200109Ia 4500
008 190912s9999||||xx |||||||||||||| ||und||
100 _aMuhammad Asif
245 0 _aAuditing : An ISA perspective
260 _aLahore
_bSKANS
_c2013
300 _a500
942 _cBK
999 _c7889
_d7889